00354 a2200109 4500001001000000005001700010008004100027245006600068100002600134773006700160999001700227ART_4672720260410161809.0260409a 10aLa prescripción concursal a la luz de la reforma tributaria1 aDella Picca, Pablo H.0 tDoctrina Societaria y Concursalg- N°368 (jul. 2018)wREV4298 c21244d21244